| 000 | 00980nam a2200217 i 4500 | ||
|---|---|---|---|
| 001 | 167148 | ||
| 003 | ES-MaACL | ||
| 005 | 20230906213453.0 | ||
| 008 | 990212s1870 sp |||| | spa d | ||
| 080 | _a54(091) | ||
| 100 | 1 |
_aVelasco y Pano, Bonifacio. _9133596 |
|
| 245 | 1 | 0 | _aOración inaugural leída por el doctor D. Bonifacio Velasco y Pano... en el acto solemne de la apertura del curso de 1870 a 1871 en la Universidad de Granada. |
| 260 |
_aGranada : _b[s.n.], _c1870 ( _fImp. de Indalecio Ventura) |
||
| 300 |
_a90 p. ; _c21 cm. |
||
| 594 | _aTema del discurso: Los diversos sistemas de enseñanza que se han seguido para el estudio de la química | ||
| 650 | 4 |
_aQuímica- _xHistoria. _9147552 |
|
| 650 | 4 |
_aQuímica- _xEstudio y enseñanza. _9175913 |
|
| 710 | 2 |
_aUniversidad de Granada. _97176 |
|
| 852 | 4 |
_aES-MaACL _jT-115-F-7 _z- Enc. en un vol. facticio |
|
| 852 | 4 |
_aES-MaACL _jT-708-F-5 _z- Enc. hol. conservando cub. original _z- Enc. en un vol. facticio |
|
| 999 |
_c167148 _d167148 |
||